Hidden Initials: Author's Great Works Quiz Stats

 Plays Quiz Updated Mar 1, 2018

Score 0/24 Timer 06:00
0 Plays Today
Hint Answer % Correct
The Lion King *as a loo*e adaptation of his play HamletWilliam Shakespeare
94.9%
To* Sawyer, as referenced in a Rush song, is a vigilan*e said to have a 'mean, mean stride'Mark Twain
94%
The Rav*n for which B*ltimore's NFL team is named was one of his many *oemsEdgar Allan Poe
92%
*ust about the wo*st music video eve* is Leonard Nimoy singing *he Ballad of Bilbo Baggins relating the plot of this author's book The HobbitJ. R. R. Tolkien
91.5%
S*rooge Mc*uck is a parody of this 19th century author's best-known characterCharles Dickens
91%
Murder on the Orient Express w*s influenced by the kidnapping of *harles Lindbergh's son and the author's experience of being stuck on the trainAgatha Christie
88.9%
The *dventures of Sherlo*k Holmes is so popular that even Batman an* the Teenage Mutant Ninja Turtles have storylines with the detectiveArthur Conan Doyle
87.7%
Clueless is *ust one *daptation of this 18th century author's book EmmaJane Austen
87%
The author's great-great grandchildren dismissed the film adaptation as '*ulgar commercialization' w*en Disney's The Hunchback of Notre Dame was releasedVictor Hugo
86%
The inaugural cover o* People Magazine feature* Mia *arrow as Daisy Buchanan, character in The Great GatsbyF. Scott Fitzgerald
84.2%
In a *lever marketing scheme, her novel Jane Eyre was su*titled, 'an autobiography'Charlotte Brontë
83.9%
South Park's Marsh family *oins a ma*s migration west when internet access dries up in Colorado in a parody of The Grapes of WrathJohn Steinbeck
81.9%
Hint Answer % Correct
Watching the film adaptation of this author'* boo* Cujo caused Rachel to jump into Joey's arms on FriendsStephen King
80.7%
W*ile enjoying a Starbucks coffee, think of The Pequod's sensible and ulti*ately doomed first mate in Moby DickHerman Melville
80.6%
Ma*ilyn Manson's *ance of the Dope Hats music video was inspired by the boat ride in Charlie and the Chocolate FactoryRoald Dahl
80.5%
His moth*r called T*e Sun Also Rises 'one of the filthiest books of the year'Ernest Hemingway
78.9%
Often cited as a *eference for British outloo* on colonial populations, The Jungle Book has been rewritten many times for films, TV, and comicsRudyard Kipling
77.4%
T*is author's novel War of the Worlds led Robert *oddard to become intrigued *ith space travelH. G. Wells
74.7%
A 1969 episode of Get Smart featured Max on the trail of a figurine called t*e 'Tequi*a Mocking Bird', a takeoff on this author's novelHarper Lee
74.4%
The Sc*t's Observer stated The Picture of Dorian Gray *ould be of interest mainly to 'outlawed noblemen and perverted telegraph-boys'Oscar Wilde
73.9%
1990's fol* rock band Billy Pilgrim is named after the main character in Slaughterhouse-Fi*eKurt Vonnegut
72.7%
David Bowie's 1974 album Diamond Do*s c*ntains five songs inspired by this writer's masterpiece published in 1949George Orwell
64.1%
Members of the heavy metal band As I Lay Dying *hich bears the same name as the *amous novel, have said they borrowed the name but there is no real correlationWilliam Faulkner
63.2%
This author's poem The Wa*rus and the *arpenter was parodied in three separate Beatles songsLewis Carroll
59.7%

You're not logged in!

Compare scores with friends on all Sporcle quizzes.
OR
Log In

Show Comments

Extras

Top Quizzes Today


Score Distribution

Your Account Isn't Verified!

In order to create a playlist on Sporcle, you need to verify the email address you used during registration. Go to your Sporcle Settings to finish the process.

Report this User

Report this user for behavior that violates our Community Guidelines.

Details: